000 00487nam a2200193Ia 4500
005 20250423095919.0
008 250422s9999 xx 000 0 und d
020 _a9781259072321
050 _aQM 557 .M47/
100 _aMescher, Anthony L.
245 0 _aJunqueira's basic histology: text & atlas
250 _a13th ed.
260 _aNew York
260 _bMcGraw-Hill Education
260 _c2013
300 _a544 p
650 _aHistology Histology - Atlases
942 _cBK
999 _c31715
_d31715